000 00481nam a2200181Ia 4500
005 20250326124521.0
008 250326s9999 xx 000 0 und d
037 _aTextbook
040 _aFMSL
_beng
_cFMSL
041 _aeng
_2eng
084 _aX:8 L0
_qFMSL
100 _aMee J F
_9737521
245 0 _aManagement thought in a dynamic economy
_cMee J F
260 _aNY
_bNY, University
_c1970
300 _a138p
942 _cTB
_hX:8 L0
999 _c1274024
_d1274024